Municipalities in Franklin County, MA - Statistics

General Stats
  • This quiz has been taken 211 times
  • The average score is 15 of 26
Answers on the Map
Answers color-coded by a green-red scale on the quiz's map according to % correct below.
 
Answer Stats
Population City/Town % Correct
7,569 Orange
83%
983 New Salem
78%
5,090 Deerfield
73%
17,768 Greenfield
73%
2,102 Bernardston
68%
1,551 Gill
68%
2,866 Northfield
68%
424 Rowe
68%
118 Monroe
65%
8,580 Montague
65%
723 Heath
63%
1,884 Shelburne
60%
1,185 Charlemont
55%
1,606 Colrain
55%
1,665 Erving
55%
1,695 Ashfield
53%
1,865 Leverett
53%
1,717 Shutesbury
53%
924 Wendell
53%
1,607 Whately
53%
734 Leyden
50%
3,663 Sunderland
50%
780 Warwick
50%
1,816 Buckland
48%
353 Hawley
45%
1,761 Conway
38%
No matching quizzes found
Score Distribution
Percent of People with Each Score
Percentile by Number Answered
Your Score History
You have not taken this quiz